British Cities By Sports Stadiums - Statistics

General Stats
  • This quiz has been taken 1,209 times
    892 since last reset
  • The average score is 16 of 29
Answer Stats
Hint Answer % Correct
Wembley Stadium London
99%
Old Trafford Manchester
97%
Goodison Park Liverpool
92%
St James' Park Newcastle
83%
Elland Road Leeds
80%
Stadium of Light Sunderland
75%
Selhurst Park London
70%
Twickenham Stadium London
70%
Molineux Stadium Wolverhampton
69%
Carrow Road Norwich
66%
Falmer Stadium (AMEX) Brighton
54%
St Andrews' Stadium Birmingham
53%
Liberty Stadium Swansea
53%
Ewood Park Blackburn
51%
Trent Bridge Nottingham
51%
Fratton Park Portsmouth
50%
Bet365 Stadium Stoke
50%
Portman Road Ipswich
47%
Ashton Gate Bristol
46%
DW Stadium Wigan
46%
Headingley Stadium Leeds
45%
The City Ground Nottingham
43%
Aviva Stadium Dublin
42%
Pittodrie Aberdeen
41%
Windsor Park Belfast
36%
Home Park Plymouth
25%
London Road Peterborough
22%
The County Ground (Football) Swindon
21%
Halliwell Jones Stadium Warrington
14%
No matching quizzes found
Score Distribution
Percent of People with Each Score
Percentile by Number Answered
Your Score History
You have not taken this quiz since the last reset